Artwork By Artist - Statistics

General Stats
  • This quiz has been taken 46 times
  • The average score is 7 of 10
Answer Stats
Artwork Artist % Correct
Mona Lisa Leonardo Da Vinci
100%
Starry Night Vincent Van Gogh
100%
Water Lilly Pond Claude Monet
86%
The Scream Edvard Munch
86%
The Girl With A Pearl Earring Johannes Vermeer
69%
The Birth Of Venus Sandro Botticelli
69%
The Kiss Gustav Klimt
67%
American Gothic Grant Wood
47%
Concentric Circles Wassily Kandinsky
25%
The Sistine Madonna Raffaello Raphael
22%
No matching quizzes found
Score Distribution
Percent of People with Each Score
Percentile by Number Answered
Your Score History
You have not taken this quiz